000 01358nam a22003857a 4500
003 CHAP
005 20220329143722.0
008 110405s1974 mx a r 00010 spa d
010 _a100855
011 _a101827
020 _a9682926963
035 _a112515
040 _cCHAP
082 0 4 _a303.4
_bH22
100 1 _aHarman, Robert Charles
_952753
245 1 0 _aCambios médicos y sociales en una comunidad Maya - Tzeltal
_c/por Robert Charles Harman
260 _aMéxico, D.F. :
_bCONACULTA :
_bInstituto Nacional Indigenista,
_c1974
300 _a232 p. :
_bilus., diagrama
490 0 _aPresencias
_v; 27
534 _pTít. original :
_tMedical and social changesin Tzeltal Mayan community, 1969.
590 _aBATCH-UPD
_b10
_c20130110
_lUCH01
_h1330
590 _aBATCH-UPD
_b10
_c20130410
_lUCH01
_h0835
590 _aBATCH-UPD
_b10
_c20130914
_lUCH01
_h1134
590 _aCONVERSION
_b10
_c20130109
_lUCH01
_h1356
650 1 4 _aCuranderos.
_930506
650 1 4 _aDesarrollo de la comunidad rural
_zChiapas.
_932034
650 1 4 _aIndios de Chiapas
_xMedicina.
_957598
650 1 4 _aMedicina Maya.
_973919
650 1 4 _aMedicina tradicional.
_973921
650 1 4 _aSalud pública rural.
_9101845
830 0 _aPresencias
_v; 27
_991523
901 _aBK
942 _cLIBRO
949 _a303.4 H22
_bBC
_cLIBRO
_d33724002231934
_eLIBRO
_h114606
_i112515
_sb
999 _c100855
_d100855